The Execution Spectacle and State Legitimacy: The Changing Nature of the American Execution Audience, 1833-1937

Guardado en:  
Detalles Bibliográficos
Autor principal: Linders, Annulla (Autor)
Tipo de documento: Electrónico Artículo
Lenguaje:Inglés
Publicado: 2002
En: Law & society review
Año: 2002, Volumen: 36, Número: 3, Páginas: 607-655
Acceso en línea: Volltext (lizenzpflichtig)
Verificar disponibilidad: HBZ Gateway

MARC

LEADER 00000caa a22000002c 4500
001 1912548518
003 DE-627
005 20250125055146.0
007 cr uuu---uuuuu
008 241217s2002 xx |||||o 00| ||eng c
035 |a (DE-627)1912548518 
035 |a (DE-599)KXP1912548518 
040 |a DE-627  |b ger  |c DE-627  |e rda 
041 |a eng 
084 |a 2,1  |2 ssgn 
100 1 |a Linders, Annulla  |e VerfasserIn  |4 aut 
245 1 4 |a The Execution Spectacle and State Legitimacy: The Changing Nature of the American Execution Audience, 1833-1937 
264 1 |c 2002 
336 |a Text  |b txt  |2 rdacontent 
337 |a Computermedien  |b c  |2 rdamedia 
338 |a Online-Ressource  |b cr  |2 rdacarrier 
773 0 8 |i Enthalten in  |t Law & society review  |d New York : Cambridge University Press, 1966  |g 36(2002), 3, Seite 607-655  |h Online-Ressource  |w (DE-627)34133975X  |w (DE-600)2066683-4  |w (DE-576)107059541  |x 1540-5893  |7 nnas 
773 1 8 |g volume:36  |g year:2002  |g number:3  |g pages:607-655 
787 0 8 |i Forschungsdaten  |a Oberly, James W.  |t Executions in the United States, 1608-1991: The Espy File (Instructional Materials)  |d [Erscheinungsort nicht ermittelbar] : [Verlag nicht ermittelbar], 2003  |w (DE-627)1840066865 
787 0 8 |i Forschungsdaten  |a Espy, M. Watt  |t Executions in the United States, 1608-2002: The ESPY File  |d [Erscheinungsort nicht ermittelbar] : [Verlag nicht ermittelbar], 1988  |w (DE-627)1840044381 
856 4 0 |u http://www.jstor.org/stable/1512164  |x Verlag  |z lizenzpflichtig  |3 Volltext  |7 1 
935 |a mkri 
951 |a AR 
ELC |a 1 
LOK |0 000 xxxxxcx a22 zn 4500 
LOK |0 001 4637514010 
LOK |0 003 DE-627 
LOK |0 004 1912548518 
LOK |0 005 20241217044441 
LOK |0 008 241217||||||||||||||||ger||||||| 
LOK |0 035   |a (DE-2619)ICPSR40286 
LOK |0 040   |a DE-2619  |c DE-627  |d DE-2619 
LOK |0 092   |o n 
LOK |0 852   |a DE-2619 
LOK |0 852 1  |9 00 
LOK |0 935   |a nacp 
LOK |0 939   |a 17-12-24  |b l01 
ORI |a SA-MARC-krimdoka001.raw